书目信息 |
| 题名: |
简明质量管理词典
|
|
| 作者: | 岳鲁 , 袁关林 主编 | |
| 分册: | ||
| 出版信息: | 石家庄 河北人民出版社 1987.8 |
|
| 页数: | 366页 | |
| 开本: | 19cm | |
| 丛书名: | ||
| 单 册: | ||
| 中图分类: | F406.3-61 , F425.3-61 | |
| 科图分类: | 29.2464072 | |
| 主题词: | 工业企业管理:质量管理--词典 , 质量管理:工业企业管理--词典 , 工业经济--中国 | |
| 电子资源: | ||
| ISBN: | ||
| 000 | 01003nam0 2200313 45 | |
| 001 | 0188017019 | |
| 005 | 20061030091522.54 | |
| 010 | @b精装@dCNY3.50 | |
| 020 | @aCN@b88017019 | |
| 091 | @aCN4086.223 | |
| 100 | @a19910417d1987 km y0chiy0120 ea | |
| 101 | 0 | @achi |
| 102 | @aCN@b130000 | |
| 105 | @ay e 001yy | |
| 200 | 10 | @a简明质量管理词典@Ajian ming zhi liang guan li ci dian@f岳 鲁,袁关林主编@Fyue lu , yuan guan lin zhu bian |
| 210 | @a石家庄@c河北人民出版社@d1987.8 | |
| 215 | @a366页@d19cm | |
| 330 | @a本词典以工业企业为主要对象,收集了质量管理的有关词汇800多条。 | |
| 540 | 1 | @a简明质量管理词典@Ajian ming zhi liang guan li ci dian |
| 606 | @a工业企业管理:质量管理@x词典 | |
| 606 | @a质量管理:工业企业管理@x词典 | |
| 606 | 0 | @a工业经济@x中国 |
| 690 | @aF406.3-61@v1980 | |
| 690 | @aF425.3-61@v3 | |
| 692 | @a29.2464072@v1974 | |
| 701 | 0 | @a岳鲁@Ayue lu@4主编 |
| 701 | 0 | @a袁关林@Ayuan guan lin@4主编 |
| 801 | 0 | @aCN@bTSSF@c20061030 |
| 905 | @a10447@dF425.3-61@e35 | |
| 简明质量管理词典/岳 鲁,袁关林主编.-石家庄:河北人民出版社,1987.8 |
| 366页;19cm |
| ISBN (精装):CNY3.50 |
| 本词典以工业企业为主要对象,收集了质量管理的有关词汇800多条。 |
| ● |
| 相关链接 |
|
|
|
|
正题名:简明质量管理词典
索取号:F425.3-61/35
 
预约/预借
| 序号 | 登录号 | 条形码 | 馆藏地/架位号 | 状态 | 备注 |
| 1 | 0206802 | 001571445 | 第一样本阅览室/ [索取号:F425.3-61/35] | 在馆 |